000 04088nam a2200385 i 4500
001 768714001
003 CO-MdFUSB
005 20231023144538.0
007 ta
008 050429t19871986sp abf b 0|1 ||spa d
020 _a9584210734
040 _aHT#
_cCO-MdFUSB
_dCO-MdFUSB
_bspa
_erda
041 _aspa
_heng
082 _223
_a232.12
_bB152l
100 1 _aBaigent, Michael.
_eautor
240 _aThe messianic legacy
245 1 3 _aEl legado Mesianico
_b: ¿hubo más de un Cristo?
_c/ Michael Baigent , Richard Leigh , Henry Lincoln
264 1 _aBarcelona, España :
_bEdiciones Martinez Roca,
_c[1987]
264 4 _c©1987
300 _a425 páginas
_c21 cm.
336 _2rdacontent
_atexto
_btxt
337 _2rdamedia
_asin mediación
_bn
338 _2rdacarrier
_avolumen
_bnc
504 _aIncluye índice y bibliografía
505 _tPrimera Parte: El Mesías
_aA modo de prologo: Una breve reflexion sobre mesias y mesianismos -- Introduccion Primera Parte: El Mesias -- Erudicion y comprension publicaEl fracaso de la erudicion bíblica --Nuestras conclusiones en perspectiva -- La interpretacion al servicio de la creencia -- El contexto -- Jesus como rey de Israel -- El rey legitimo -- El origen privilegiado --Reconocimiento publico -- El efecto de la caida de Jerusalen -- Constantino como Mesias -- El Mesias guerrero -- Salvador de la Iglesia -- La negacion de Jesus -- La destruccion definitiva del Jesus histórico -- Jesus como luchador por la libertad --Los zelotes con Jesus -- Un Jesus militante -- El movimiento sadoquita de Qumran --Los saduceos y los fariseos --Los esenios ascéticos -- Los «Hijos de Sadoc» -- La formacion del cristianismo -- El Partido Nazareo -- El culto de Pablo -- Simon Pedro -- Judas Iscariote -- Los hermanos de Jesus -- Tomas el Gemelo -- El testimonio apócrifo -- El culto a los gemelos -- Los descendientes de la familia de Jesus -- La supervivencia de la ensenanza nazarea -- Los nazareos de Egipto -- La herejia espanola de Prisciliano -- La Iglesia celta de Irlanda -- La silenciosa invasion de Roma -- Los Ultimos Dias.
505 _tSegunda Parte: La busqueda de sentido
_aLa activacion del símbolo -- La perdida de la fe -- La traicion de la fe -- Sustitutivos de la fe: la Rusia sovietica y la Alemania nazi -- La religion de Lenin y Stalin -- Adolf Hitler como sumo sacerdote -- La crisis de la posguerra y la desesperanza social -- Confianza y poder -- El expolio de la confianza -- Ritual y conciencia -- Arquetipo y mito -- Los Ultimos Tiempos como arquetipo -- La sociedad secreta como arquetipo -- El artista como sacerdote, el rey como símbolo -- El repositorio de lo sagrado -- El aspecto arquetipico de la monarquia -- Hacia un abrazo de Harmagedon -- Los fundamentalistas -- El absurdo del apocalipsis.
505 _tTercera Parte: La intriga
_aFragmentos de informacion en el correo -- El manipulador invisible -- Conversacion con el senor Plantard -- La «conexion» británica -- Los documentos certificados por un notario -- Caballeros de la City de Londres -- Indagaciones preliminares -- Un notario ingles -- Sospecha de falsificación -- El enigma se complica -- Punto muerto -- Una solucion provisional -- Los opusculos anónimos --Archivos robados -- La entrevista en «La Tipia» -- El escurridizo «contingente norteamericano» -- Una confrontacion con el señor Plantard -- «Solos ante el peligro» -- Los planes de la Prieure para el futuro -- La perspectiva se amplia -- Explicaciones contradictorias -- La Prieure'se esfuma la resistencia, la caballeria y los Estados Unidos de Europa -- La revista Vaincre -- El circulo de Kreisau -- El retorno de De Gaulle -- Los Comites de Seguridad Publica – CIRCUIT -- Poderes secretos detras de grupos encubiertos -- El Movimiento Europeo -- Maniobras de la CIA -- La Orden de Caballeros -- El factor desconocido.
563 _aRustico
650 7 _2embne
_97084
_aMesianismo
700 1 _aLeigh, Richard,
_eautor
700 1 _aLincoln, Henry.
_eautor
942 _cBK
945 _aMag1104
999 _c68647
_d68647